000 00987nam a2200169Ia 4500
005 20250728154343.0
008 250728s9999 xx 000 0 und d
020 _a9780747596035
082 _a951.05092
_bMIN
100 _aMin, Anchee
245 0 _aRed Azalea
260 _bBloomsbury Paperbacks
_c2009
300 _a303 pages
500 _aBorn into a devoutly Maoist family in 1950s Shanghai and forced to work on a communal farm from the age of seventeen, Anchee Min found herself in an alienating and hostile political climate, where her only friendships were perilous and intense. Both candid and touching, this compelling memoir documents her isolation and illicit love against the backdrop of China's Cultural Revolution. From her coming of age in the Red Guard to her recruitment in Madame Mao's burgeoning industry of propaganda movies, Red Azalea explores the secret sensuality of a repressive society with elegance and honesty.
650 _aArtists
942 _cENGLISH
999 _c577768
_d577768